000
00329nam a22001457a 4500
008
210507b ||||| |||| 00| 0 eng d
020
_a
9789814670890
041
_a
eng
080
_a
338
082
_a
338
100
_a
53
101
_a
MEN
245
_a
Crafting and Executing Strategy
_c
Arthur A. Thompson
942
_2
udc
_c
BK
999
_c
57123
_d
57123